00512 2200181 4500245006700000020002200067250001100089100001700100700001200117700001700129650002100146005001900167260007600186041001400262084001000276300003500286336000900321 aIman Bocah Tanggon b : Iman Anak TangguhcArih NumborohText a978-602-112-812-6 aCet. 1 aArih Numboro aSunarmi aEes Aprillia aCerita Bergambar a20241002145048 aJakartabKementerian Pendidikan, Kebudayaan, Riset, dan Teknologic2023 aIndonesia a741.5 a18 hlm., 14 cm × 20 cm :cPDF atext